Responses for show #5271 - Monday, July 9, 2007

Contestants

Josh Kamensky, a communications director from Los Angeles, California

Helen Freeman, a graduate student from Mount Kisco, New York

Tim Abou-Sayed, a plastic surgeon from Manalapan, Florida (whose 2-day cash winnings total $31,401)

Jeopardy! Round responses

MYTHOLOGY & ART
REUNITED
SPOT THE KITTY
(Alex: We want you to name the actual cat in each list we give you.)
CITYSCAPE
THE NEW YORK TIMES PHOTOGRAPHY
ENDS IN "EE"
    $200 3
(Josh: Who is Aphrodite?)
...
(Alex: Roman goddess.)

Venus

HelenJosh
    $200 1
The Eagles

Tim
    $200 16
the Manx

Josh
    $200 19
Norway

Josh
    $200 26
Kitty Hawk

Helen
    $200 9
a Yankee

Josh
    $400 4
Diana

Helen
    $400 2
Simon & Garfunkel

Helen
    $400 17
the British Shorthair

Helen
    $400 20
Tigris & Euphrates

Tim
    $400 27
The Bronx

Josh
    $400 10
Galilee

Helen
    $600 5
(Tim: What is Babylon?)

Egypt

TimHelen
    $600 8
The Police

Josh
    $600 18
(Tim: What is the Chatty?)

the Ragdoll

TimHelen
    $600 21
Istanbul

Helen
    $600 28
César Chávez

Tim
    $600 13
a matinee

Josh
    $800 6
(Tim: What are the muses?)
(Helen: Who are the Fates?)

The Graces

TimHelen
Triple Stumper
    $800 11
Fleetwood Mac

Josh
    $800 24
the Tonkinese

Helen
    $800 22
China

Tim
    $800 29
Lakehurst

Tim
    $800 14
a puree

Josh
    $800 7
(Helen: I'm very excited to say, let's make it a True Daily Double.)

Romulus and Remus

Helen
    $1000 12
Peter, Paul & Mary

Tim
    $1000 25
the Bombay

Tim
    $1000 23
Nicosia

Tim
    $1000 30
the Lincoln Memorial

Tim
    $1000 15
Truckee

Tim

Scores at the first commercial break (after clue 14):

Tim Helen Josh
-$200 $2,000 $2,800

Scores at the end of the Jeopardy! Round:

Tim Helen Josh
$5,800 $4,600 $3,600

Double Jeopardy! Round responses

OPERA
ACTORS ON LOCATION
(Alex: We'll name an actor and will show you a location; you have to put the two together for the proper motion picture)
A WORLD OF PLAYWRIGHTS
AIR APPARENT
BORN TO BE KING
WORD WORDS
    $400 26
a duel

Helen
    $400 2
(Alex: Yes, and that's Mount Rushmore.)

North by Northwest

Tim
    $400 7
Spain

Tim
    $400 18
(Helen: What is the running of the bulls?)

London

Helen
Triple Stumper
    $400 13
Nicholas II

Helen
    $400 1
cliche

Helen
    $800 27
(Josh: What is radio?)

television

TimJosh
    $800 3
Planet of the Apes

Tim
    $800 12
(Oscar) Wilde

Tim
    $800 19
ozone

Tim
    $800 14
Kamehameha

Tim
    $800 8
etymology

Josh
    $1200 28
(Tim: Who was Mozart?)

Verdi

Tim
Triple Stumper
    $1200 4
(Alex: The Devils Tower.)

Close Encounters of the Third Kind

Helen
    $1200 23
(Tim: What is, um...?)

The Orestia

TimHelen
    $1200 20
fossil fuels

Tim
    $2,000 15
William the Conqueror

Tim
    $1200 9
(Tim: What is a metaphor?)

euphemism

Tim
Triple Stumper
    $1600 29
Strauss (the Younger)

Tim
    $1600 5
Ferris Bueller's Day Off

Helen
    $1,600 24
Václav Havel

Helen
    $1600 21
uranium

Josh
    $1600 16
Frederick the Great

Tim
    $1600 10
(Tim: What is...caustic?)

a bromide

TimJosh
    $2000 30
(Tim: What is Das... The Ring of the Nibelung?)
...
(Alex: I thought you were about to say it.)

Das Rheingold

Tim
Triple Stumper
    $2000 6
(Tim: What is Roman Holiday?)
...
(Alex: That's the Trevi Fountain in [*].)

Three Coins in the Fountain

Tim
Triple Stumper
    $2000 25
Athol Fugard

Triple Stumper
    $2000 22
Union Carbide

Josh
    $2000 17
Farouk

Tim
    $2000 11
(Helen: What is loquacious?)

sesquipedalian

Helen
Triple Stumper

Scores at the end of the Double Jeopardy! Round:

Tim Helen Josh
$9,800 $9,000 $8,800

[wagering suggestions for these scores]

Final Jeopardy! Round responses

U.S. HISTORY
JoshWho are al
$7,199
HelenWho are Native Americans?
$8,800
TimWho are Native Americans?
$8,201
Native Americans

Final scores:

Tim Helen Josh
$18,001 $17,800 $1,601
3-day champion: $49,402 2nd place: $2,000 3rd place: $1,000

Game dynamics:

Coryat scores:

Tim Helen Josh
$9,000 $9,200 $8,800
22 R
(including 1 DD),
9 W
18 R
(including 2 DDs),
3 W
12 R,
2 W

Combined Coryat: $27,000

The J! Archive is created by fans, for fans. The Jeopardy! game show and all elements thereof, including but not limited to copyright and trademark thereto, are the property of Jeopardy Productions, Inc. and are protected under law. This website is not affiliated with, sponsored by, or operated by Jeopardy Productions, Inc. Join the discussion at JBoard.tv.